20 największych miast w Hiszpanii - Statystyki

Ogólne statystyki
  • Ten quiz został rozwiązany 10 508 razy
  • Średni wynik to 8 z 20
Statystyki odpowiedzi
Liczba Ludności Miasto % Poprawnych
3 255 944 Madryt
100%
1 621 537 Barcelona
99%
703 206 Sewilla
77%
354 860 Bilbao
72%
814 208 Walencja
71%
568 305 Malaga
55%
674 317 Zaragoza
45%
297 332 Vigo
32%
246 056 A Coruna
31%
381 847 Las Palmas de Gran Canaria
28%
334 557 Alicante
26%
401 270 Palma
25%
436 870 Murcja
24%
328 428 Kordoba
23%
317 864 Valladolid
21%
277 554 Gijon
18%
256 644 Latina
5%
253 678 Carabanchel
4%
266 477 Eixample
4%
257 038 L'Hospitalet de Llobregat
4%
Nie znaleziono quizów pasujących do podanych kryteriów
Rozkład punktacji
Procent ludzi z każdym wynikiem
Percentyl według liczby udzielonych odpowiedzi
Twoja historia wyników
Nie rozwiązałeś tego quizu